000 00528nam a22001937a 4500
003 MPLRDC
005 20220104165744.0
008 210129b ||||| |||| 00| 0 eng d
020 _a0-7214-0947-4
082 _a859.6 LADY-4 v.7
100 _aRETOLD BY VERA SOUTHGATE
245 _aRAPUNZEL
_cILLUSTRATED BY MARTIN AITCHISON
250 _a1ST ED.
260 _aU.S.A.
_bLADYBIRD BOOKS LTD
_c
300 _bHARDCOVER
490 _aWELL LOVED TALES
650 _aCHILDREN LITERATURE--FICTION
942 _cBK
_o859.6 LADY-4 v.7
999 _c57591
_d57581